Diccionario didáctico DICO : (Registro nro. 9369)
[ vista simple ]
| 000 -LIDER | |
|---|---|
| fixed length control field | 00606nam a22002177a 4500 |
| 001 - NÚMERO DE CONTROL | |
| Identificador de número de control | 00121 |
| 003 - IDENTIFICACDOR DE NÚMERO DE CONTROL | |
| control field | DO-SdBNP |
| 005 - DATE AND TIME OF LATEST TRANSACTION | |
| control field | 20160322113915.0 |
| 007 - CAMPOS FIJOS DE DESCRIPCIÓN FÍSICA | |
| fixed length control field | 00121 |
| 008 - ELEMENTOS DE LONGITUD FIJA | |
| fixed length control field | 160322b sp 2002 ||||| |||| 00| 0 spa d |
| 020 ## - ISBN | |
| International Standard Book Number | 9788434885974 |
| 040 ## - FUENTE DE CATALOGACIÓN | |
| Agencia que crea de manera original el registro | BPMSU |
| Idioma de catalogación | spa |
| Agencia que realiza la transcripción | BPMSU |
| 092 ## - LOCALLY ASSIGNED DEWEY DECIMAL CALL NUMBER | |
| Número de clasificación | xxxxxxxxx |
| Número de ítem (Cutter) | xxxxxxxxx |
| 245 ## - MENCIÓN DE TITULO | |
| Título | Diccionario didáctico DICO : |
| Subtítulo | Español-Francés |
| 250 ## - MENCIÓN DE EDICION | |
| Mención de edición | 4a ed. |
| 260 ## - PUBLICACIÓN, DISTRIBUCIÓN, ETC. (PIE DE IMPRENTA) | |
| Lugar de publicación, distribución, etc | Madrid : |
| Nombre del editor, distribuidor, etc. | Ediciones S. M., |
| Fecha de publicación, distribución, etc | 2002. |
| 300 ## - DESCRIPCIÓN FÍSICA | |
| Extensión | 736 p. : |
| Otros detalles físicos | il., |
| Dimensiones | 18 cm. |
| 500 ## - NOTA GENERAL | |
| Nota general | El más adaptado a estudiantes de francés de nivel inicial |
| 942 ## - ADDED ENTRY ELEMENTS (KOHA) | |
| Source of classification or shelving scheme | Dewey Decimal Classification |
| Koha item type | Libros |
| 956 ## - LOCAL ELECTRONIC LOCATION AND ACCESS (OCLC) | |
| Nombre de host | Brenda Tavárez |
| Withdrawn status | Lost status | Source of classification or shelving scheme | Damaged status | Not for loan | Collection code | Home library | Current library | Date acquired | Source of acquisition | Total Checkouts | Barcode | Date last seen | Price effective from | Koha item type | Copy number |
|---|---|---|---|---|---|---|---|---|---|---|---|---|---|---|---|
| Dewey Decimal Classification | Colección Juvenil General | Biblioteca Pública Metropolitana Salomé Ureña | Biblioteca Pública Metropolitana Salomé Ureña | 03/22/2016 | Donación | BPMSU17020023 | 03/22/2016 | 03/22/2016 | Libros | ||||||
| Dewey Decimal Classification | Colección Juvenil Dominicana | Biblioteca Pública Metropolitana Salomé Ureña | Biblioteca Pública Metropolitana Salomé Ureña | 02/13/2017 | Compra | BPMSU17020022 | 02/13/2017 | 02/13/2017 | Libros | ej. 2 |